La subversión de Beti García
Salvato in:
| Autore principale: | |
|---|---|
| Natura: | Libro |
| Lingua: | spagnolo |
| Pubblicazione: |
Barcelona
Destino
1984
|
| Serie: | Ancora y Delfín, 579
|
| Soggetti: | |
| Tags: |
Aggiungi Tag
Nessun Tag, puoi essere il primo ad aggiungerne!!
|
MARC
| LEADER | 00000nam a2200000 a 4500 | ||
|---|---|---|---|
| 001 | UCQ8034 | ||
| 003 | CL-VaPUC | ||
| 008 | 981127e19840000SP |||||||||||||||||spa|d | ||
| 082 | 0 | 4 | |a 863 |b AVE |2 21 |
| 100 | 0 | |a Avello Flórez, José |e author |9 421875 | |
| 245 | 1 | 3 | |a La subversión de Beti García |
| 300 | |a 247 p | ||
| 942 | |c BK | ||
| 945 | |d 19981127 00:00:00 |a crobeson | ||
| 260 | |a Barcelona |b Destino |c 1984 | ||
| 650 | 0 | |a Novelas españolas |9 265052 | |
| 650 | 0 | |a Literatura española |9 306261 | |
| 583 | |a last modification |c 19981127 00:00:00 |k Rodrigo Vera | ||
| 490 | 0 | |a Ancora y Delfín, 579 | |
| 999 | |c 277406 |d 277404 | ||
| 952 | |0 0 |1 0 |4 0 |6 863_000000000000000_AVE_1984 |7 0 |8 A |9 315309 |a FDOPOS |b FDOPOS |d 2019-11-20 |i 1496298 |o 863 AVE 1984 |p 1496298 |r 2025-01-22 |w 2019-11-20 |y BK |k MLH | ||